1486 1101 1804 1806 1564 1110 1840 1411 1380 1913 1369 1529 1669 1016 1505 1696 1280 1637 1083 1444 1739 1965 1579 1989 1276 1619 1947 1692 1180 1244 1563 1677 1738 1928 1756 1470 1926 1073 1812 1463 1964 1733 1229 1525 1133 1096 1710 1540 1087 1269 1839 1338 1174 1268 1474 1073 1814 1347 1230 1452 1641 1060 1321 1799 1068 1251 1808 1671 1001 1968 1671 1912 1847 1527 1130 1440 1528 1122 1101 1258 1991 1076 1099 1780 1687 1576 1789 1843 1747 1712 1349 1649 1653 1726 1694 1924 1494 1482 1748 BCNSPRNW ULIB Ver.6.0+V

เปลี่ยนเป็นภาษาไทย

Change to English
 แสดงรายละเอียดบรรณานุกรม
  กลับหน้าหลัก

Brief Record : Get Marc (ISO 2709) : E-mail record : QR code < ปิดหน้าต่าง
LEADER : 00000nas 2200000uu 4500
001    13399124319
003     ULIB
008    020711s|||| th a 000 0 tha d
022    08578575
110    กรมควบคุมโรค
245    วารสารโรคเอดส์(วิทยาเขตนครสวรรค์)/^cกรมควบคุมโรค
260    นนทบุรี :^bกรมควบคุมโรค,^cม.ป.ป.
300    ^b26 ซม.
310    ^aรายสี่เดือน
850 ^a ULIB:campus^bปีที่ 30 ฉบับที่ 2 ฉ.1 ;ปีที่ 30 ฉบับที่ 3 ฉ.1 ;ปีที่ 27 ฉบับที่ 1 ฉ.1 ;ปีที่ 27 ฉบับที่ 2 ฉ.1 ;ปีที่ 28 ฉบับที่ 1 ฉ.1 ;ปีที่ 31 ฉบับที่ 2 ฉ.1 ;ปีที่ 31 ฉบับที่ 2 ฉ.1
850 ^a ULIB^bปีที่ 29 ฉบับที่ 3 ฉ.1
945    ^p0^l0^i802222
945    ^p0^l0^i802300
945    ^p0^l0^i801196
945    ^p0^l0^i801342
945    ^p0^l0^i801595
945    ^p0^l0^i904615
945    ^p0^l0^i802387
945    ^p0^l0^i802388
999    ^aทศพร เกษรทอง
รายการนี้ยังไม่มีแท็ก
คุณยังไม่ได้ล็อกอิน คุณสามารถมีกิจกรรมร่วมกับเว็บไซต์ได้ แต่ต้องล็อกอินก่อน ::
  ล็อกอิน

รายการสื่อสารสนเทศ (วารสาร)

ดูแบบ: กล่อง รายการ
ARRIVED
ปีที่ 27 ฉบับที่ 1 ฉ.1
สถานที่: ห้องสมุดวิทยาเขตนครสวรรค์ >วารสาร
ARRIVED
ปีที่ 27 ฉบับที่ 2 ฉ.1
สถานที่: ห้องสมุดวิทยาเขตนครสวรรค์ >วารสาร
ARRIVED
ปีที่ 28 ฉบับที่ 1 ฉ.1
สถานที่: ห้องสมุดวิทยาเขตนครสวรรค์ >วารสาร
ARRIVED
ปีที่ 29 ฉบับที่ 3 ฉ.1
สถานที่: ห้องสมุดวิทยาเขตสวรรค์ประชารักษ์ >วารสาร
ARRIVED
ปีที่ 30 ฉบับที่ 2 ฉ.1
สถานที่: ห้องสมุดวิทยาเขตนครสวรรค์ >วารสาร
ARRIVED
ปีที่ 30 ฉบับที่ 3 ฉ.1
สถานที่: ห้องสมุดวิทยาเขตนครสวรรค์ >วารสาร
ARRIVED
ปีที่ 31 ฉบับที่ 2 ฉ.1
สถานที่: ห้องสมุดวิทยาเขตนครสวรรค์ >วารสาร

BibComment


ยังไม่เคยถูกคอมเมนท์

คอมเมนท์ทรัพยากรรายการนี้
  คอมเมนท์: วารสารโรคเอดส์วิท..


 Copyright 2026. Bcnsprnw @Library